Logo BPK

Biblioteka

Politechniki Koszalińskiej

Wykłady z metod obliczeń i rachunku wyrównawczego / (Rekord nr 3586)

Szczegóły MARC
000 -ETYKIETA REKORDU
podpole kontrolne o stałej długości 00368nam a2200145 i 4500
001 - NUMER KONTROLNY REKORDU
pole kontrolne bg
040 ## - ŹRÓDŁO KATALOGOWANIA
Instytucja, która utworzyła rekord BPK
041 ## - KOD JĘZYKA
Kod języka tekstu pol
008 - POLE O STAŁEJ DŁUGOŚCI - DANE KONTROLNE
podpole kontrolne o stałej długości s pl f |000 0 pol
100 1# - NAZWA OSOBOWA
Nazwa osobowa WĘDZONY, Józef T.
245 #0 - TYTUŁ/ODPOWIEDZIALNOŚĆ
Tytuł Wykłady z metod obliczeń i rachunku wyrównawczego /
Pozostałe elementy strefy tytułu i oznaczenia odpowiedzialności T. Józef Wędzony.
250 ## - STREFA WYDANIA
Oznaczenie wydania Wyd.5 uzup.
260 ## - STREFA ADRESU WYDAWNICZEGO
Miejsce wydania Krawów,
Data publikacji, dystrybucji/powstania dokumentu 1986.
856 ## - LOKALIZACJA I DOSTĘP DO ELEKTRONICZNYCH DOKUMENTÓW ZDALNYCH
Link (URL) http://koha.tu.koszalin.pl/cgi-bin/koha/opac-detail.pl?biblionumber=3586
Tekst linku Katalog online BPK
942 ## - DODATKOWE ELEMENTY (KOHA)
Typ dokumentu Książka
Egzemplarze
Wycofany Status egzemplarza Uszkodzony Dostępność Lokalizacja stała Lokalizacja bieżąca Miejsce przechowywania Sygnatura Kod kreskowy Typ dokumentu
      Dostępny Biblioteka Politechniki Koszalińskiej Biblioteka Politechniki Koszalińskiej Wypożyczalnia BG P 37887 01391817 Książka
© 2023 Biblioteka Politechniki Koszalińskiej :: KOHA